Geography Quiz

Random Geography or World Quiz

The Great Border Journey Quiz Stats

 Plays Quiz Updated Aug 21, 2018

Score 0/25 Timer 07:00
1 Play Today
Start/Finish Next destination: % Correct
Russia
97.4%
Kyrgyzstan (of course!)Kazakhstan
96.4%
China
95.9%
Mongolia
91%
Russia
83.6%
Ukraine
75.6%
Moldova
60.1%
Romania
59.7%
Bulgaria
58.4%
Greece
57%
Albania
55.5%
Montenegro
52.2%
Bosnia and Herzegovina
49.8%
Start/Finish Next destination: % Correct
Croatia
49.6%
Slovenia
48.9%
Austria
48.3%
Germany
48.1%
Czechia
45.9%
Poland
45.3%
Belarus
43.4%
Russia
42.6%
Finland
38.8%
Norway
38.3%
Sweden
38.1%
FINISH IN:Finland!
36.5%

You're not logged in!

Compare scores with friends on all Sporcle quizzes.
OR
Log In

Sporcle TV

Today on Sporcle TV


Watch our educational content, quiz creation guides, and fun videos on Sporcle TV.

Show Comments

Extras

Top Quizzes Today


Score Distribution

Your Account Isn't Verified!

In order to create a playlist on Sporcle, you need to verify the email address you used during registration. Go to your Sporcle Settings to finish the process.

Report this User

Report this user for behavior that violates our Community Guidelines.

Details: